000 00982nam a2200265Ia 4500
003 OSt
005 20221005104234.0
006 a|||||r|||| 00| 0
007 ta
008 221004b |||||||| |||| 00| 0 hin d
020 _a8171104185 (hbk)
_c500
024 _a2185
037 _b359, 11/01/2013, Eastern Book Linkers
_cTextual
040 _aCRL
_cCRL
_bhin
041 _2hin
_ahin
082 _aR66xJ85,1,1, F7;Q3
100 _aशास्त्री, अनन्तकृष्ण
245 0 _aवेदान्तपरिभाड्ढा
246 _aVedāntaparibhāḍḍhā
260 _aदिल्ली
_bपरिमल पब्लिकेशन्स भारत
_c2013
300 _a378पृ0
_ccm.
650 _aभारतीय दर्शन
942 _hR66xJ85,1,1, F7;Q3
_cTEXL
_2cc
999 _c1012107
_d1012107